Statistics for Finish the Meme: 2017

Click here to take the quiz!

General Stats

  • This quiz has been taken 31 times
  • The average score is 4 of 9

Answer Stats

Answer% Correct
The {Floor} is Lava
97%
Elf on the {Shelf}
90%
2+2 is 4-1 that's 3 {Quick maths}
50%
{Crack} open a cold one with the boys
43%
Salt{bae}
43%
Distracted {Boyfriend}
23%
Mocking {Spongebob}
17%
White Guy {Blinking}
10%
Roll {Safe}
7%

Score Distribution

Percentile by Number Answered

Percent of People with Each Score

Your Score History

You have not taken this quiz